000 00716nam a2200289Ia 4500
005 20260324113801.0
008 008 260324s9999 xx 000 0 eng d
020 _a9781003359647
037 _aEBOOK
040 _aCRL
040 _beng
040 _cCRL
041 _2eng
041 _aeng
084 _qCRL
100 _aPredrag V. Petrovic; Paul T. Anastas
_91148156
245 0 _aFirst Do No Harm
245 2 _bA Chemist’s Guide to Molecular Design for Reduced Hazard
260 _bTaylor and Francis
260 _c2023
365 _a
365 _b160
856 _uhttp://www.taylorfrancis.com/books/9781003359647
942 _cEBOOK
999 _c1737987
_d1737987